[Event "Tournoi MI ECAM LaSalle Lyon 2024"]
[Site "France, Lyon"]
[Date "2024.04.28"]
[Round "9.5"]
[White "PRIE Eric"]
[Black "Breuil, Tristan"]
[Result "1/2-1/2"]
[WhiteElo "2335"]
[BlackElo "2281"]
[PlyCount "112"]
[EventDate "2024.04.??"]
[EventType "tourn"]

1. d4 {[%emt 14:41:19]} Nf6 2. Nf3 e6 3. Bf4 d5 4. e3 c5 {[%emt 0:00:13]} 5. c3
{[%emt 0:00:40]} Bd6 {[%emt 0:00:10]} 6. Bb5+ {[%emt 0:00:19]} Nc6 {
[%emt 0:04:50]} 7. Bxd6 {[%emt 0:00:22]} Qxd6 {[%emt 0:00:11]} 8. O-O {
[%emt 0:00:13]} O-O {[%emt 0:00:39]} 9. Nbd2 {[%emt 0:00:20]} a6 {
[%emt 0:22:54]} 10. Bxc6 {[%emt 0:00:19]} bxc6 {[%emt 0:10:12]} 11. Qa4 {
[%emt 0:00:20]} c4 {[%emt 0:15:46]} 12. Ne5 {[%emt 0:14:04]} c5 {[%emt 0:22:36]
} 13. Qa3 {[%emt 0:01:22]} Qb8 {[%emt 0:02:58]} 14. b3 {[%emt 0:07:07]} Nd7 {
[%emt 0:09:09]} 15. Nxd7 {[%emt 0:00:24]} Bxd7 {[%emt 0:00:02]} 16. Qxc5 {
[%emt 0:00:19]} Rc8 {[%emt 0:01:08]} 17. Qa5 {[%emt 0:00:21]} Qb5 {
[%emt 0:02:16]} 18. Qxb5 {[%emt 0:07:09]} axb5 {[%emt 0:00:01]} 19. Rfc1 {
[%emt 0:00:17]} Ra3 {[%emt 0:01:07]} 20. b4 {[%emt 0:05:03]} Rca8 {
[%emt 0:02:43]} 21. Rc2 {[%emt 0:00:07]} e5 {[%emt 0:00:41]} 22. dxe5 {
[%emt 0:00:15]} Bf5 {[%emt 0:00:12]} 23. Rcc1 {[%emt 0:00:06]} Be4 {
[%emt 0:01:34]} 24. Nf3 {[%emt 0:02:41]} Bxf3 {[%emt 0:01:06]} 25. gxf3 {
[%emt 0:00:13]} Kf8 {[%emt 0:00:51]} 26. Rc2 {[%emt 0:01:28]} Ke7 {
[%emt 0:00:01]} 27. f4 {[%emt 0:17:41]} Ke6 {[%emt 0:00:01]} 28. Kg2 {
[%emt 0:00:10]} f6 29. exf6 {[%emt 0:04:22]} gxf6 {[%emt 0:00:01]} 30. Kf3 {
[%emt 0:01:38]} R8a7 {[%emt 0:01:12]} 31. h3 {[%emt 0:07:36]} Ra8 {
[%emt 0:00:43]} 32. Ke2 {[%emt 0:00:33]} R8a7 {[%emt 0:00:28]} 33. Kd2 {
[%emt 0:01:54]} Ra8 {[%emt 0:01:19]} 34. Kc1 {[%emt 0:02:03]} Rb3 {
[%emt 0:00:32]} 35. f3 {[%emt 0:05:57]} Kf5 {[%emt 0:00:24]} 36. Kd2 {
[%emt 0:06:25]} Rba3 {[%emt 0:00:02]} 37. Ke2 {[%emt 0:00:24]} Ke6 {
[%emt 0:01:44]} 38. e4 {[%emt 0:00:43]} Rg8 {[%emt 0:00:30]} 39. Kf2 {
[%emt 0:00:43]} dxe4 {[%emt 0:00:22]} 40. fxe4 {[%emt 0:00:32]} Rga8 {
[%emt 0:00:36]} 41. Kf3 {[%emt 0:01:58]} Rd8 {[%emt 0:12:13]} 42. Re1 {
[%emt 0:01:23]} Ra7 43. Re3 {[%emt 0:04:25]} Rd1 {[%emt 0:01:22]} 44. Rg2 {
[%emt 0:01:56]} Rf1+ {[%emt 0:00:37]} 45. Rf2 {[%emt 0:01:09]} Rxf2+ {
[%emt 0:04:13]} 46. Kxf2 {[%emt 0:00:22]} Rxa2+ {[%emt 0:00:02]} 47. Re2 {
[%emt 0:00:16]} Ra1 {[%emt 0:02:28]} 48. e5 {[%emt 0:04:26]} Rc1 {
[%emt 0:03:45]} 49. f5+ {[%emt 0:11:36]} Ke7 {[%emt 0:01:51]} 50. e6 {
[%emt 0:00:07]} Rxc3 {[%emt 0:01:55]} 51. Rd2 {[%emt 0:00:18]} Rb3 {
[%emt 0:01:59]} 52. Rd7+ {[%emt 0:01:35]} Ke8 {[%emt 0:00:01]} 53. Rb7 {
[%emt 0:11:50]} Rxb4 {[%emt 0:00:40]} 54. Rb8+ {[%emt 0:00:07]} Ke7 {
[%emt 0:00:01]} 55. Rb7+ {[%emt 0:00:07]} Ke8 {[%emt 0:00:17]} 56. Rb8+ {
[%emt 0:00:05]} Ke7 {[%emt 0:00:04]} 1/2-1/2

[Event "Tournoi MI ECAM LaSalle Lyon 2024"]
[Site "France, Lyon"]
[Date "2024.04.28"]
[Round "9.3"]
[White "Flear, Glenn C"]
[Black "Song, Julien"]
[Result "1/2-1/2"]
[WhiteElo "2400"]
[BlackElo "2311"]
[PlyCount "142"]
[EventDate "2024.04.??"]
[EventType "tourn"]

1. d4 {[%emt 14:42:36]} e6 {[%emt 0:00:37]} 2. c4 {[%emt 0:00:30]} Nf6 {
[%emt 0:00:11]} 3. Nf3 {[%emt 0:03:35]} d5 {[%emt 0:00:11]} 4. Nc3 {
[%emt 0:04:39]} c6 {[%emt 0:00:10]} 5. e3 {[%emt 0:00:25]} Nbd7 {[%emt 0:00:10]
} 6. Bd3 {[%emt 0:05:32]} dxc4 {[%emt 0:00:10]} 7. Bxc4 {[%emt 0:00:06]} b5 {
[%emt 0:00:06]} 8. Bd3 {[%emt 0:01:12]} b4 {[%emt 0:00:34]} 9. Ne4 {
[%emt 0:01:20]} Nxe4 {[%emt 0:00:14]} 10. Bxe4 {[%emt 0:00:10]} Bb7 {
[%emt 0:00:05]} 11. O-O {[%emt 0:04:14]} Be7 {[%emt 0:14:25]} 12. Qc2 {
[%emt 0:09:46]} Qc7 {[%emt 0:29:16]} 13. a3 {[%emt 0:01:59]} bxa3 {
[%emt 0:10:41]} 14. b3 {[%emt 0:01:47]} c5 {[%emt 0:03:22]} 15. Bxa3 {
[%emt 0:03:00]} Bxe4 {[%emt 0:17:23]} 16. Qxe4 {[%emt 0:00:15]} O-O {
[%emt 0:00:04]} 17. Rfc1 {[%emt 0:00:53]} Qb6 {[%emt 0:02:21]} 18. Qc2 {
[%emt 0:02:28]} Rfc8 {[%emt 0:02:57]} 19. dxc5 {[%emt 0:01:47]} Bxc5 {
[%emt 0:03:34]} 20. b4 {[%emt 0:00:15]} Bf8 {[%emt 0:06:01]} 21. Qxc8 {
[%emt 0:01:17]} Rxc8 {[%emt 0:00:02]} 22. Rxc8 {[%emt 0:00:08]} Qb7 {
[%emt 0:00:02]} 23. Rac1 {[%emt 0:09:32]} Nb6 {[%emt 0:00:16]} 24. R8c7 {
[%emt 0:04:00]} Qa6 {[%emt 0:00:26]} 25. Bb2 {[%emt 0:01:33]} Bxb4 {
[%emt 0:01:37]} 26. Ra1 {[%emt 0:02:33]} Qe2 {[%emt 0:01:20]} 27. Bd4 {
[%emt 0:00:56]} h6 {[%emt 0:01:34]} 28. h4 {[%emt 0:02:05]} Bd6 {[%emt 0:02:23]
} 29. Rcxa7 {[%emt 0:00:22]} Nc4 {[%emt 0:00:19]} 30. Rc1 {[%emt 0:14:23]} e5 {
[%emt 0:00:19]} 31. Ra4 {[%emt 0:01:08]} e4 {[%emt 0:00:17]} 32. Raxc4 {
[%emt 0:01:17]} exf3 {[%emt 0:00:16]} 33. R4c2 {[%emt 0:00:33]} Qb5 {
[%emt 0:01:25]} 34. Bc5 {[%emt 0:01:57]} Bxc5 {[%emt 0:02:39]} 35. Rxc5 {
[%emt 0:00:07]} Qd7 {[%emt 0:00:10]} 36. gxf3 {[%emt 0:01:57]} Qh3 {
[%emt 0:00:08]} 37. h5 {[%emt 0:00:55]} Qxf3 {[%emt 0:00:19]} 38. R1c4 {
[%emt 0:00:21]} Kh7 {[%emt 0:02:01]} 39. Rf4 {[%emt 0:01:02]} Qh3 {
[%emt 0:00:18]} 40. Rcf5 {[%emt 0:02:33]} f6 {[%emt 0:01:27]} 41. e4 {
[%emt 0:09:38]} Kh8 {[%emt 0:12:21]} 42. e5 {[%emt 0:05:04]} fxe5 {
[%emt 0:00:10]} 43. Rxe5 {[%emt 0:00:03]} Kh7 {[%emt 0:00:42]} 44. Rfe4 {
[%emt 0:01:44]} Kg8 {[%emt 0:06:09]} 45. Re3 {[%emt 0:01:11]} Qg4+ {
[%emt 0:02:23]} 46. Rg3 {[%emt 0:00:18]} Qd1+ {[%emt 0:01:05]} 47. Kg2 {
[%emt 0:00:15]} Kf8 {[%emt 0:01:13]} 48. Rf3+ {[%emt 0:07:12]} Kg8 {
[%emt 0:00:12]} 49. Rf4 {[%emt 0:00:44]} Qd6 {[%emt 0:02:00]} 50. Rfe4 {
[%emt 0:01:44]} Qf6 {[%emt 0:01:27]} 51. f3 {[%emt 0:03:29]} Qd6 {
[%emt 0:05:11]} 52. Re8+ {[%emt 0:04:55]} Kh7 {[%emt 0:02:40]} 53. Re2 {
[%emt 0:01:38]} Qd5 {[%emt 0:01:00]} 54. R8e5 {[%emt 0:00:39]} Qd3 {
[%emt 0:00:26]} 55. Re7 {[%emt 0:05:40]} Qd5 {[%emt 0:00:15]} 56. R2e5 {
[%emt 0:01:34]} Qd2+ {[%emt 0:00:09]} 57. Kg3 {[%emt 0:00:05]} Qc1 {
[%emt 0:00:24]} 58. Rf7 {[%emt 0:02:20]} Qg1+ {[%emt 0:00:41]} 59. Kh3 {
[%emt 0:01:13]} Qh1+ {[%emt 0:00:53]} 60. Kg3 {[%emt 0:01:09]} Qg1+ {
[%emt 0:00:21]} 61. Kh3 {[%emt 0:00:05]} Qh1+ {[%emt 0:00:12]} 62. Kg4 {
[%emt 0:00:40]} Qg2+ {[%emt 0:00:41]} 63. Kf4 {[%emt 0:00:07]} Qh2+ {
[%emt 0:01:06]} 64. Ke4 {[%emt 0:01:44]} Qc2+ {[%emt 0:00:35]} 65. Kd4 {
[%emt 0:01:00]} Qa4+ {[%emt 0:00:33]} 66. Kc5 {[%emt 0:00:14]} Qa5+ {
[%emt 0:00:33]} 67. Kd6 {[%emt 0:00:39]} Qd8+ {[%emt 0:00:23]} 68. Kc6 {
[%emt 0:02:38]} Qc8+ {[%emt 0:00:18]} 69. Kd6 {[%emt 0:00:24]} Qd8+ {
[%emt 0:00:11]} 70. Kc6 {[%emt 0:00:24]} Qc8+ {[%emt 0:00:27]} 71. Kd6 {
[%emt 0:00:21]} Qd8+ {[%emt 0:01:55]} 1/2-1/2

[Event "Tournoi MI ECAM LaSalle Lyon 2024"]
[Site "France, Lyon"]
[Date "2024.04.28"]
[Round "9.4"]
[White "Dudognon, Thibault"]
[Black "Waldhausen Gordon, Frederick"]
[Result "1/2-1/2"]
[WhiteElo "2415"]
[BlackElo "2362"]
[PlyCount "39"]
[EventDate "2024.04.??"]
[EventType "tourn"]

1. e4 {[%emt 0:03:30]} e5 {[%emt 0:00:05]} 2. Nf3 {[%emt 0:00:07]} Nc6 {
[%emt 0:00:04]} 3. Nc3 {[%emt 0:00:06]} Nf6 {[%emt 0:00:03]} 4. Nd5 {
[%emt 0:00:05]} Bc5 {[%emt 0:03:41]} 5. Bc4 {[%emt 0:00:09]} O-O {
[%emt 0:00:25]} 6. d3 {[%emt 0:00:07]} Nxd5 {[%emt 0:02:11]} 7. Bxd5 {
[%emt 0:00:07]} h6 {[%emt 0:01:47]} 8. c3 d6 9. Qe2 Ne7 {[%emt 0:08:19]} 10.
Bb3 Be6 11. h4 {[%emt 0:09:00]} Bg4 {[%emt 0:05:27]} 12. h5 Kh8 {[%emt 0:09:59]
} 13. Be3 Bxe3 {[%emt 0:12:42]} 14. Qxe3 f5 {[%emt 0:02:36]} 15. exf5 Nxf5 {
[%emt 0:09:51]} 16. Qe4 Bxf3 {[%emt 0:00:27]} 17. gxf3 c6 {[%emt 0:01:04]} 18.
O-O-O Qg5+ {[%emt 0:04:38]} 19. Kb1 d5 {[%emt 0:08:32]} 20. Qb4 1/2-1/2